Ứng dụng công nghệ thông tin trong dạy học tiểu học

Tài liệu tham khảo tr. 187; Gồm 9 chủ đề: Công nghệ thông tin và dạy-học; Máy tính và thiết bị hỗ trợ dạy-học; Những kiến thức cơ bản về tin học và hệ điều hành Windows; Sử dụng Internet; Biểu thị tiếng Việt trên máy tính; Xử lí âm thanh...

Fuld beskrivelse

Đã lưu trong:
Bibliografiske detaljer
Hovedforfatter: Trần, Đức Thuận
Andre forfattere: Trường Đại học Sư phạm Tp. Hồ Chí Minh
Format: Bog
Sprog:Undetermined
Udgivet: Tp. Hồ Chí Minh Đại học Sư phạm Tp. Hồ Chí Minh 2016
Fag:
Online adgang:http://lrc.tdmu.edu.vn/opac/search/detail.asp?aID=2&ID=28076
Tags: Tilføj Tag
Ingen Tags, Vær først til at tagge denne postø!
Thư viện lưu trữ: Trung tâm Học liệu Trường Đại học Thủ Dầu Một
LEADER 01328nam a2200217Ia 4500
001 TDMU_28076
008 210410s9999 xx 000 0 und d
082 |a 959.703092 
090 |b 223 
100 |a Trần, Đức Thuận 
245 0 |a Ứng dụng công nghệ thông tin trong dạy học tiểu học 
245 0 |c Trần Đức Thuận 
260 |a Tp. Hồ Chí Minh 
260 |b Đại học Sư phạm Tp. Hồ Chí Minh 
260 |c 2016 
300 |a 196 tr. 
520 |a Tài liệu tham khảo tr. 187; Gồm 9 chủ đề: Công nghệ thông tin và dạy-học; Máy tính và thiết bị hỗ trợ dạy-học; Những kiến thức cơ bản về tin học và hệ điều hành Windows; Sử dụng Internet; Biểu thị tiếng Việt trên máy tính; Xử lí âm thanh cơ bản với GoldWave; Xử lí phim cơ bản; Soạn văn bản với Microsoft Word; Trình chiếu Microsoft PowerPoint 
650 |a Tiểu học  |x Dạy học  |x Ứng dụng công nghệ thông tin 
700 |a Trường Đại học Sư phạm Tp. Hồ Chí Minh 
856 |u http://lrc.tdmu.edu.vn/opac/search/detail.asp?aID=2&ID=28076 
980 |a Trung tâm Học liệu Trường Đại học Thủ Dầu Một